Регионална библиотека "Любен Каравелов" - Русе

Числа (Запис номер 419715)

MARC детайли
000 -Лидер
Контролно поле с фиксирана дължина 00896nam a2200277 c 4500
003 - Код на организацията, давaща контролен номер
Контролно поле BLK
005 - Дата и час на последна редакция
Контролно поле 20241008103512.0
008 - Елементи от данни с фиксирана дължина
fixed length control field 180408b bul|||||r ||||||| ||bul||
020 ## - Международен стандартен номер на книга ISBN
Международен стандартен номер на книга ISBN 9785699483853
040 ## - Източник на каталожния запис
Идентификатор на билиотеката - собственик на записа BLK
041 ## - Код за език
Код за езика на текст/звукозапис или на отделно заглавие Руски
Код за езика КДБФ Руски
080 ## - УДК
Текстов определител УДК Руска литература
УДК код - определител по УДК 821.161.1
УДК определител -31
УДК - код + определител 821.161.1-31
100 1# - Редна дума - Автор
Автор Пелевин, Виктор Олегович
Авторска отговорност първи автор
R(LIN) 278205
139 ## - Редно поле
Редна дума Пелевин, Виктор Олегович
Авторски знак Пеи - П 33
245 10 - Сведения за заглавието
Заглавие Числа
Подзаглавни данни Роман
Редно поле (дума) Виктор Олегович Пелевин.
257 ## - Страна на издаване
Страна на създаване/издаване Русия
260 ## - Област на издателските данни
Име на издателя, разпространителя и проч. Эксмо
Година на издаване 2011
9 (RLIN) 214071
Място на издаване, разпространение и проч. Москва
Издателство - префикс ISBN 978-5-699-
300 ## - Физическа характеристика
Страници 288 с.
Размери/Мащаб 18 см
380 ## - Жанр
Жанр Худож. лит.
490 ## - СЕРИИ (Колекции)
9 (RLIN) 457724
Име на серия Pocket book
852 ## - Местоположение
Фондова буква Заемна - подръчен фонд
Систематично-азбучна сигнатура 882-31/П 33
856 4# - Електронен адрес и достъп
Електронен формат pdf - файл
856 4# - Електронен адрес и достъп
Електронен формат pdf - файл
999 ## - СИСТЕМНИ КОНТРОЛНИ НОМЕРА
Koha biblionumber 419715
Koha biblioitemnumber 419715
942 ## - АРТИКУЛИ
Вид на библиотечния материал Книги
Скрит в OPAC Не
Koha issues (borrowed), all copies 3
Периодичен библиозапис Да
944 ## - СЪЗДАВАНЕ И РЕДАКЦИЯ на ЗАПИСА
Създаване/Редакция Създаване
Дата на регистрацията/редакция 2021-06-14
Служител, извършил регистрацията/редакцията 30552
Статус, дата на статуса Виолета Тройчева
Наличности
Код за отписване Код за изгубен артикул Източник на класификационната схема Код за повреда Коз за рестрикции Код за отдаване Артикулен № Име на библиотеката - собственик Име на библиотеката, в която се намира в момента Статус (Текущо местоположение) Дата на вписване в системата Местоположение - отдел Цена в лева Систематично азбучна сигнатура Баркод Цена в евро Служебен тип на артикула
  Не е изгубен Universal Decimal Classification Не е повреден без рестрикции заемане за дома 837309 Регионална библиотека "Любен Каравелов" Русе Регионална библиотека "Любен Каравелов" Русе Заемна - подръчен фонд 2021-06-16 Заемна - подръчен фонд 15.00 882-31/П 33 В 120000856459 7.67 Книги
Vip Innovations Ltd, Rousse, Bulgaria 2025